000 01319nam a2200265Ia 4500
003 OSt
005 20200707154106.0
008 191128s1988 ck ad gr 000 0 spa d
040 _aCO-JMCR
_cCO-JMCR
041 0 _aspa
082 0 4 _a330.98 /
_bM149f
_223
100 1 _aMachado C., Absalón,
_edirector
_94238
245 1 3 _aEl Fondo Nacional del Café :
_bevaluación institucional y financiera /
_cdirector, Absalón Machado C., Luis Alberto Zuleta J. ; investigadores Gabriela Garzón, Ricardo Garzón [y otros 3]
250 _aPrimera edición
260 _aBogotá :
_bContraloría General de la República : Centro de Investigaciones para el Desarrollo CID,
_c1988.
300 _a278 páginas
_bilustraciones, gráficas a blanco y negro,
_c23 cm.
505 0 _aLa estructura institucional y el manejo financiero del Fondo Nacional del Café -- El mercado internacional del café y la participación de Colombia -- Bases para evaluar el convenio Gobierno-Federación Nacional de cafeteros
650 1 4 _aPrivatización
_92272
650 2 4 _aEstrategia del desarrollo
_92266
650 2 4 _aPolítica de desarrollo
_96819
700 1 _aZuleta J., Luis Alberto,
_edirector
_96820
700 1 _aGarzón, Gabriela,
_einvestigadora
_96821
700 1 _aGarzón, Ricardo,
_einvestigador
_96822
942 _2ddc
_cBK
999 _c4008
_d4008